| Tag |
First Indicator |
Second Indicator |
Subfields |
| LEADER |
00000cam a2200000 4500 |
| 001 |
in00000669021 |
| 005 |
20151015090707.0 |
| 008 |
801009r18801880miuh a 00010 eng d |
| 035 |
|
|
|a (OCoLC)06805284
|
| 035 |
|
|
|9 ACY4655AM
|
| 040 |
|
|
|a EEU
|c TXA
|d UtOrBLW
|
| 049 |
|
|
|a TXAI
|
| 090 |
|
|
|a PM1739
|b .E6
|
| 099 |
|
|
|a film
|a B
|a 1512
|a reel
|a 86.4
|
| 100 |
1 |
|
|a Eliot, John,
|d 1604-1690.
|
| 245 |
1 |
4 |
|a The Indian primer :
|b or, The way of training up of our Indian youth in the good knowledge of God. 1669 /
|c By John Eliot, to which is prefixed the Indian covenanting confession. Reprinted from the originals in the library of the University of Edinburgh. With an introduction by John Small.
|
| 264 |
|
1 |
|a Edinburgh :
|b A. Elliot,
|c 1880.
|
| 300 |
|
|
|a 1 page, ., liv, 1 ., 124 unnumbered pages, 1 :
|b folded facsimiles ;
|c 20 cm.
|
| 336 |
|
|
|a text
|b txt
|2 rdacontent
|
| 337 |
|
|
|a microform
|b h
|2 rdamedia
|
| 338 |
|
|
|a microfilm reel
|b hd
|2 rdacarrier
|
| 500 |
|
|
|a With reproduction of the original t.-p. of the Indian primer and facsim. of the Indian covenanting confession.
|
| 500 |
|
|
|a Microfilm. Ann Arbor, Mich., University Microfilms [n.d.] (American culture series, Reel 86.4)
|
| 500 |
|
|
|a Microform.
|
| 650 |
|
0 |
|a Massachuset language
|x Texts.
|
| 700 |
1 |
|
|a Small, John,
|d 1828-1886.
|
| 999 |
|
|
|a MARS
|
| 999 |
f |
f |
|s 5ec86814-7a30-390f-83bc-275db83fbcd6
|i 195149e2-6b1a-324e-89b2-4491e82ba0d2
|t 0
|
| 952 |
f |
f |
|p default
|a Texas A&M University
|b College Station
|c Sterling C. Evans Library
|d Evans: Microforms (3rd floor)
|t 0
|e film B 1512 reel 86.4
|h Other scheme
|i microform -- microfilm reel
|
| 998 |
f |
f |
|a film B 1512 reel 86.4
|t 0
|l Evans: Microforms (3rd floor)
|